Women's writing in English/ (Record no. 165587)

MARC details
000 -LEADER
fixed length control field 00518nam a22001817a 4500
005 - DATE AND TIME OF LATEST TRANSACTION
control field 20190624125843.0
010 ## - LCCN (DPL NO)
LC control number B-125722
020 ## - INTERNATIONAL STANDARD BOOK NUMBER
Terms of availability 1000.00
035 ## - SYSTEM CONTROL NUMBER
System control number EN-109254
037 ## - SOURCE OF ACQUISITION
Source of stock number/acquisition DBAD/PUB
082 ## - DEWEY DECIMAL CLASSIFICATION NUMBER
Classification number 820.99
100 ## - MAIN ENTRY--PERSONAL NAME
Personal name Jain, Seema
245 ## - TITLE STATEMENT
Title Women's writing in English/
Statement of responsibility, etc by Seema Jain
260 ## - PUBLICATION, DISTRIBUTION, ETC. (IMPRINT)
Place of publication, distribution, etc Delhi
Name of publisher, distributor, etc Diamond Creation
Date of publication, distribution, etc 2017
270 ## - ADDRESS
Address 21, North, Basti Harphool Singh,Sadar Thana Road
City Delhi,
Postal code 110006
300 ## - PHYSICAL DESCRIPTION
Extent vii,256p.
Dimensions 22cm(Hb)
942 ## - ADDED ENTRY ELEMENTS (KOHA)
Source of classification or shelving scheme Dewey Decimal Classification
Item type English Books
Classification part 820.99
Call number suffix JAI
Holdings
Withdrawn status Lost status Not for loan Collection code Home library Current library Date acquired Source of acquisition Cost, normal purchase price Full call number Barcode Copy number Cost, replacement price Koha item type
      Non-fiction Sarojini Nagar Sarojini Nagar 24/06/2019 DBAD/PUB 1000.00 820.99 JAI EN-109254 1 1000.00 English Books

© Delhi Public Library
Hit Counter
free hit counter